Home Print Resources E-Books E-Journals IIMT Lecture Series Library Membership Form Book Recommendation Form Campus Tour Take AdmissionAbout Us Contact Us

FOREIGN TRADE - THEORY, PROCEDURES, PRACTICES AND DOCUMENTATION (Record no. 55948)

000 -LEADER
fixed length control field 00425nam a22001577a 4500
003 - CONTROL NUMBER IDENTIFIER
control field OSt
005 - DATE AND TIME OF LATEST TRANSACTION
control field 20240410104619.0
008 - FIXED-LENGTH DATA ELEMENTS--GENERAL INFORMATION
fixed length control field 221104b xxu||||| |||| 00| 0 eng d
020 ## - INTERNATIONAL STANDARD BOOK NUMBER
International Standard Book Number 935273050X
040 ## - CATALOGING SOURCE
Transcribing agency IIMT UNIVERSITY
100 ## - MAIN ENTRY--PERSONAL NAME
Personal name JAIN, KHUSHPAT S
245 ## - TITLE STATEMENT
Title FOREIGN TRADE - THEORY, PROCEDURES, PRACTICES AND DOCUMENTATION
260 ## - PUBLICATION, DISTRIBUTION, ETC.
Place of publication, distribution, etc. MUMBAI
Name of publisher, distributor, etc. HIMALAYA PUBLISHING HOUSE
Date of publication, distribution, etc. 2021
300 ## - PHYSICAL DESCRIPTION
Extent 545
942 ## - ADDED ENTRY ELEMENTS (KOHA)
Source of classification or shelving scheme
Koha item type Text-Book- for 7 days
Holdings
Withdrawn status Lost status Source of classification or shelving scheme Damaged status Not for loan Home library Current library Date acquired Source of acquisition Cost, normal purchase price Inventory number Total Checkouts Full call number Barcode Date last seen Price effective from Koha item type
          IIMT University Central Library Meerut IIMT University Central Library Meerut 11/04/2022 ARISTA PUB. 750.00 HO/IN/100   382 JAI 01-B-137378 11/04/2022 11/04/2022 Text-Book- for 7 days
          IIMT University Central Library Meerut IIMT University Central Library Meerut 11/04/2022 ARISTA PUB. 750.00 HO/IN/100   382 JAI 01-B-137379 11/04/2022 11/04/2022 Text-Book- for 7 days
          IIMT University Central Library Meerut IIMT University Central Library Meerut 11/04/2022 ARISTA PUB. 750.00 HO/IN/100   382 JAI 01-B-137380 11/04/2022 11/04/2022 Text-Book- for 7 days
          IIMT University Central Library Meerut IIMT University Central Library Meerut 11/04/2022 ARISTA PUB. 750.00 HO/IN/100   382 JAI 01-B-137381 11/04/2022 11/04/2022 Text-Book- for 7 days
          IIMT University Central Library Meerut IIMT University Central Library Meerut 11/04/2022 ARISTA PUB. 750.00 HO/IN/100   382 JAI 01-B-137382 11/04/2022 11/04/2022 Text-Book- for 7 days
IIMT, Central Library. All Rights Reserved IIMT,UNIVERSITY © 2023
Implemented and Customised by I CLOUDE EMS
You Are OPAC Visitor No
free web counter

Powered by Koha